| 000 | 00748nam a22001695i 4500 | ||
|---|---|---|---|
| 001 | 173652 | ||
| 003 | ES-MaACL | ||
| 005 | 20230906215314.0 | ||
| 008 | 091223s1869 sp |||| | spa d | ||
| 080 | _a332.21:061.239(460.27 M.) | ||
| 110 | 2 |
_aAsociación de Propietarios de Fincas Urbanas de Madrid y su Zona de Ensanche. _91629 |
|
| 245 | 1 | 0 | _aMemoria que a la Junta General de la Asociación de Propietarios de Fincas Urbanas de Madrid y su zona de ensanche presenta la Directiva el 28 de noviembre de 1869. |
| 260 |
_aMadrid : _b[s.n.], _c1869 ( _fImp. Universal) |
||
| 300 |
_a64 p. ; _c21 cm. |
||
| 610 | 2 | 4 |
_aAsociación de Propietarios de Fincas Urbanas de Madrid y su Zona de Ensanche- _vMemorias. _9150847 |
| 852 | 4 |
_aES-MaACL _jT-105-F-10 |
|
| 999 |
_c173652 _d173652 |
||